000 00355nam a22001337a 4500
003 OSt
005 20240402155321.0
008 240402b |||||||| |||| 00| 0 eng d
040 _cCentral Library MRSPTU
100 _aB.S.Rattan
245 _aAbesh- Parbesh (आवेश-प्रवेश)
260 _aPatiala
_bBatweens Lines
_c2021
942 _2ddc
_cBK
_n0
999 _c9935
_d9935